00286nam a2200097Ia 4500001000800000005001700008008004100025020001800066245008200084260002200166125919420260417140307.0260417s9999 xx 000 0 und d a9789754739619 0aHz. Cafer bin Ebi Talib - Peygamberimiz'in İzinde 40 Sahabi/18cÖmer Aras bBeyan Yayınları